Famous People from Delaware - Statistics

General Stats
  • This quiz has been taken 44 times
  • The average score is 5 of 16
Answer Stats
Picture Answer % Correct
Joe Biden
100%
Hunter Biden
82%
Beau Biden
79%
Ashley Biden
74%
Valerie Bertinelli
38%
Aubrey Plaza
35%
Elena Delle Donne
21%
Paul Goldschmidt
21%
Madison Brengle
15%
Teri Polo
15%
Clifford Brown
9%
Raúl Esparza
9%
Annie Jump Cannon
3%
Daniel Pfeiffer
3%
G. Richard Wagoner, Jr.
3%
Mary Ann Shadd Cary
3%
No matching quizzes found
Score Distribution
Percent of People with Each Score
Percentile by Number Answered
Your Score History
You have not taken this quiz